书目信息 |
| 题名: |
野外旅游生存自救
|
|
| 作者: | 柳萍 编著 | |
| 分册: | ||
| 出版信息: | 北京 中国旅游出版社 1999.01 |
|
| 页数: | 281页 | |
| 开本: | 32开 | |
| 丛书名: | 旅游紧急救援丛书 | |
| 单 册: | ||
| 中图分类: | R128 | |
| 科图分类: | ||
| 主题词: | 旅游--灾害防治 , 灾害--自救互救--普及读物 | |
| 电子资源: | ||
| ISBN: | 7-5032-1563-1 | |
| 000 | 00660nam0 2200229 45 | |
| 001 | 0106111605 | |
| 005 | 20031219104050.5 | |
| 010 | @a7-5032-1563-1@dCNY14.50 | |
| 100 | @a20010611d1999 km y0chiy0120 ea | |
| 101 | 0 | @achi |
| 105 | @a z 000yy | |
| 200 | 1 | @a野外旅游生存自救@AYe Wai Lu You Sheng Cun Zi Jiu@f柳萍编著@FLiu Ping Bian Zhu |
| 210 | @a北京@c中国旅游出版社@d1999.01 | |
| 215 | @a281页@d32开 | |
| 225 | @a旅游紧急救援丛书 | |
| 410 | @12001 @a旅游紧急救援丛书 | |
| 606 | 0 | @a旅游@x灾害防治 |
| 606 | 0 | @a灾害@x自救互救@x普及读物 |
| 690 | @aR128@v4 | |
| 701 | @a柳萍@4编著 | |
| 801 | @aCN@bTSTC@c20010611 | |
| 905 | @f5@b298363-367@dR128@e22 | |
| 野外旅游生存自救/柳萍编著.-北京:中国旅游出版社,1999.01 |
| 281页;32开.-(旅游紧急救援丛书) |
| ISBN 7-5032-1563-1:CNY14.50 |
| ● |
| 相关链接 |
|
|
|
|
正题名:野外旅游生存自救
索取号:R128/22
 
预约/预借
| 序号 | 登录号 | 条形码 | 馆藏地/架位号 | 状态 | 备注 |
| 1 | 0298363 | 202983637 | 密集书库/ [索取号:R128/22] | 在馆 | |
| 2 | 0298364 | 202983646 | 密集书库/ [索取号:R128/22] | 在馆 | |
| 3 | 0298365 | 202983655 | 密集书库/ [索取号:R128/22] | 在馆 | |
| 4 | 0298366 | 202983664 | 密集书库/ [索取号:R128/22] | 在馆 | |
| 5 | 0298367 | 202983673 | 第二样本阅览室/ [索取号:R128/22] | 在馆 |